000 00912nam a2200253 4500
001 5967
090 _a5967
100 _a20260408d1995 u||y0frey50 ba
101 _afre
200 _aQuand on a la santé
_bmonographie
_eGenève 1900-1960
_fChristine Détraz
_gChristian Delécraz
_gEric Golay
_gLorenza Bettoli
_gViviane Luisier
_gMichel Acatl Monnier
210 _cMusée d'ethnographie
_d1995
_eGenève
215 _a253 p.
_cill.
_d23 cm
225 _aNouveaux itinétaires Amoudruz
_fBernard Crettaz
_fChristian Delécraz
_v2
606 _9353
_aSanté
606 _9150
_aMédecine
606 _94136
_aHygiène
607 _9403
_aGenève (Canton)
700 _4070
_4340
_96812
_aDétraz
_bChristine
701 _4070
_96813
_aDelécraz
_bChristian
701 _96814
_aGolay
_bEric
701 _96300
_aBettoli
_bLorenza
701 _9874
_aLuisier
_bViviane
_f1946-
701 _96815
_aMonnier
_bMichel-Acatl
801 _aCH
_bCH-001784-0